Pozůstalost /
Cesta protagonisty za podivným dědictvím je dějovou osou prozaického debutu českého autora.
Uloženo v:
| Hlavní autor: | |
|---|---|
| Médium: | E-kniha |
| Jazyk: | Czech |
| Vydáno: |
Praha :
Epocha,
2026
|
| Vydání: | První vydání |
| Témata: | |
| Tagy: |
Žádné tagy |
| LEADER | 02071nam a2200361 i 4500 | ||
|---|---|---|---|
| 001 | 301449 | ||
| 003 | CZ PrSKC | ||
| 005 | 20260429063157.0 | ||
| 007 | ta | ||
| 008 | 260424s2026 xr g 000 f cze | ||
| 015 | |a cnb003750582 | ||
| 020 | |a 9788027802838 |q (vázáno) | ||
| 040 | |a ABG001 |b cze |e rda | ||
| 072 | 7 | |a 821.162.3-3 |x Česká próza |2 Konspekt | |
| 080 | |a 821.162.3-31 |2 MRF | ||
| 080 | |a (0:82-31) |2 MRF | ||
| 100 | 1 | |a Kubeška, Karel, |d 1955- |7 hka20211115317 |4 aut | |
| 245 | 1 | 0 | |a Pozůstalost / |c Karel Kubeška |
| 250 | |a První vydání | ||
| 264 | 1 | |a Praha : |b Epocha, |c 2026 | |
| 300 | |a 151 stran ; |c 22 cm | ||
| 336 | |a text |b txt |2 rdacontent | ||
| 337 | |a bez média |b n |2 rdamedia | ||
| 338 | |a svazek |b nc |2 rdacarrier | ||
| 520 | 2 | |a Cesta protagonisty za podivným dědictvím je dějovou osou prozaického debutu českého autora. |b Vyprávění příběhů, mozaika drobných zážitků, kaleidoskop nečekaných i běžných situací, to vše provází základní dějovou linii, jíž představuje cesta hlavního hrdiny Viktora Švece za záhadným dědictvím, kterým ho obdařil zesnulý příbuzný. Kniha je místy posměšnou a jindy seriózně míněnou karikaturou snahy o pochopení logiky života a fungování světa v souladu s niternými pocity běžného člověka začleněného do české či československé společnosti konce minulého a začátku tohoto století. Nakladatelská anotace. Kráceno. | |
| 655 | 7 | |a české romány |7 fd133974 |2 czenas | |
| 655 | 9 | |a Czech fiction |2 eczenas | |
| 710 | 2 | |a Epocha (nakladatelství) |7 xx0214891 |4 pbl | |
| 900 | |a ABG001 |b 18 | ||
| 044 | |a xr | ||
| 910 | |a RBIT002 | ||
| 998 | |d 426528 |a https://core.palmknihy.cz/api/books/426528/cover?te7dva |b https://core.palmknihy.cz/api/books/426528/cover/400?te7dva |c https://core.palmknihy.cz/api/books/426528/cover/50?te7dva |e 2031-04-24 |g 160 |i 9788027802838 |j https://core.palmknihy.cz/api/books/426528/preview.epub |k https://core.palmknihy.cz/api/books/426528/preview.pdf |l |q 49 |r 1 |s https://www.palmknihy.cz/kniha/426528 |t ebook |y 2026 |z 0 | ||
| 999 | |d 301447 | ||